000 00559nam a2200181Ia 4500
008 100917s9999 xx 000 0 und d
082 _b51399
100 _aमराठे प्रभाकर
245 _aऎसे अरूपाचे रूप
260 _bस्मिता प्रकाशन
_c1982
300 _a147
365 _b20
520 _aकादंबरी
630 _aऎसे अरूपाचे रूप
650 _aकादंबरी
730 _aऎसे अरूपाचे रूप
942 _cBOOK
999 _c656793
_d656790